El hombre y su destino: Ensayos de antropología

保存先:
書誌詳細
第一著者: Wojtyla, Karol (著者)
フォーマット: 図書
言語:スペイン語
出版事項: Madrid Palabra 2003
版:2a. ed
シリーズ:Colección Biblioteca Palabra, 7
主題:
タグ: タグ追加
タグなし, このレコードへの初めてのタグを付けませんか!

MARC

LEADER 00000cam a2200000 a 4500
001 UCH2902
003 CL-VaPUC
008 090702e20031000SP |||||||||||||||||spa|d
020 |a 8482392956 
082 0 4 |a 261.83  |b WOJ  |2 21 
100 0 |a Wojtyla, Karol  |e author  |9 352234 
245 1 3 |a El hombre y su destino: Ensayos de antropología 
246 1 0 |a Trilogía inédita II 
250 |a 2a. ed 
300 |a 299 p 
942 |c BK 
945 |d 20090702 00:00:00  |a dcastane 
260 |a Madrid  |b Palabra  |c 2003 
600 0 |a Juan Pablo II  |9 309920 
650 0 |a Antropología cristiana  |9 408739 
650 0 |a Teología   |9 258766 
650 7 |a COMUNIDADES CRISTIANAS  |2 CL-VaPUC  |9 537968 
583 |a last modification  |c 20140114 04:40:49  |k Rodrigo Vera 
490 0 |a Colección Biblioteca Palabra, 7 
999 |c 334563  |d 334561 
952 |0 0  |1 0  |4 0  |6 261_830000000000000_WOJ_2003  |7 0  |8 A  |9 423667  |a BIBTEO  |b BIBTEO  |d 2019-11-22  |i 4569415  |l 1  |o 261.83 WOJ 2003  |p 4569415  |r 2025-01-17  |s 2022-11-04  |w 2019-11-22  |y BK  |k ICR 
952 |0 0  |1 0  |3 erb  |4 0  |6 261_830000000000000_WOJ_2003  |7 0  |8 A  |9 423668  |a BIBEDU  |b BIBEDU  |i 5051320  |o 261.83 WOJ 2003  |p 5051320  |r 2019-11-22  |w 2019-11-22  |y BK  |z Catalogado en:20140116  |k EPE